Beard's Message Principles of Practice of Soft Tissue Manipulation, (Record no. 4764)

MARC details
000 -LEADER
fixed length control field 00586nam a22002057a 4500
003 - CONTROL NUMBER IDENTIFIER
control field OSt
005 - DATE AND TIME OF LATEST TRANSACTION
control field 20160715175629.0
008 - FIXED-LENGTH DATA ELEMENTS--GENERAL INFORMATION
fixed length control field 160715b xxu||||| |||| 00| 0 eng d
020 ## - INTERNATIONAL STANDARD BOOK NUMBER
International Standard Book Number 9780721603506
040 ## - CATALOGING SOURCE
Transcribing agency DNLM.
082 ## - DEWEY DECIMAL CLASSIFICATION NUMBER
Classification number WB537D71b 2007.
100 ## - MAIN ENTRY--PERSONAL NAME
Personal name Domenico,De Giovanni;
9 (RLIN) 10252
245 ## - TITLE STATEMENT
Title Beard's Message Principles of Practice of Soft Tissue Manipulation,
250 ## - EDITION STATEMENT
Edition statement 5th ed.
260 ## - PUBLICATION, DISTRIBUTION, ETC. (IMPRINT)
Place of publication, distribution, etc. Missouri,
Name of publisher, distributor, etc. Saunders Elsevier.
Date of publication, distribution, etc. 2007.
300 ## - PHYSICAL DESCRIPTION
Extent x,325cm.
Other physical details col,ill;
Dimensions 28cm.
504 ## - BIBLIOGRAPHY, ETC. NOTE
Bibliography, etc includes index.
650 ## - SUBJECT ADDED ENTRY--TOPICAL TERM
Topical term or geographic name as entry element Tissue Manipulation.
9 (RLIN) 10253
942 ## - ADDED ENTRY ELEMENTS (KOHA)
Source of classification or shelving scheme Other/Generic Classification Scheme
Koha item type Open Shelf
Holdings
Withdrawn status Lost status Source of classification or shelving scheme Damaged status Not for loan Home library Current library Date acquired Source of acquisition Inventory number Total Checkouts Full call number Barcode Date last seen Price effective from Koha item type
    Other/Generic Classification Scheme     MUST Main Library MUST Main Library 15/07/2016   09/31379   WB537D71b 2007. 2016-3215 15/07/2016 15/07/2016 Open Shelf